Historia crítica de la literatura española

Spremljeno u:
Bibliografski detalji
Glavni autor: Amador de los Ríos, José (Autor)
Format: Knjiga
Jezik:španjolski
Izdano: Madrid Gredos 1969
Serija:Biblioteca Románica Hispánica. Facsímiles, 9
Teme:
Oznake: Dodaj oznaku
Bez oznaka, Budi prvi tko označuje ovaj zapis!

MARC

LEADER 00000nam a2200000 a 4500
001 UCZ7800
003 CL-VaPUC
008 960112e19690000SP |||||||||||||||||spa|d
082 0 4 |a 860.9  |b AMA  |2 21 
100 0 |a Amador de los Ríos, José  |e author  |9 352785 
245 1 0 |a Historia crítica de la literatura española 
300 |a v 
942 |c BK 
945 |d 19960112 00:00:00  |a rleighto 
260 |a Madrid  |b Gredos  |c 1969 
600 0 7 |a VICENTE, GIL  |2 CL-VaPUC  |9 352786 
600 0 7 |a BERCEO, GONZALO DE  |2 CL-VaPUC  |9 308429 
650 0 |a Literatura española  |9 306261 
650 0 |a Poesía española  |9 264938 
650 7 |a NOVELA ESPAÑOLA  |2 CL-VaPUC  |9 313139 
650 0 |a Crítica e interpretación   |9 255042 
583 |a last modification  |c 19960112 00:00:00  |k Rodrigo Vera 
490 0 |a Biblioteca Románica Hispánica. Facsímiles, 9 
999 |c 243798  |d 243796 
952 |0 0  |1 0  |4 0  |6 860_900000000000000_AMA_1969  |7 0  |8 A  |9 257606  |a FDOPOS  |b FDOPOS  |d 2019-11-19  |h v.1  |i 316537K  |o 860.9 AMA 1969  |p 316537K  |r 2025-01-22  |w 2019-11-19  |y BK  |k MLH 
952 |0 0  |1 0  |4 0  |6 860_900000000000000_AMA_1969  |7 0  |8 A  |9 257607  |a FDOPOS  |b FDOPOS  |d 2019-11-19  |h v.2  |i 3165388  |o 860.9 AMA 1969  |p 3165388  |r 2025-01-22  |w 2019-11-19  |y BK  |k MLH 
952 |0 0  |1 0  |4 0  |6 860_900000000000000_AMA_1969  |7 0  |8 A  |9 257608  |a FDOPOS  |b FDOPOS  |d 2019-11-19  |h v.3  |i 3165396  |o 860.9 AMA 1969  |p 3165396  |r 2025-01-22  |w 2019-11-19  |y BK  |k MLH 
952 |0 0  |1 0  |4 0  |6 860_900000000000000_AMA_1969  |7 0  |8 A  |9 257609  |a FDOPOS  |b FDOPOS  |d 2019-11-19  |h v.4  |i 316540K  |o 860.9 AMA 1969  |p 316540K  |r 2025-01-22  |w 2019-11-19  |y BK  |k MLH 
952 |0 0  |1 0  |4 0  |6 860_900000000000000_AMA_1969  |7 0  |8 A  |9 257610  |a FDOPOS  |b FDOPOS  |d 2019-11-19  |h v.5  |i 3165418  |o 860.9 AMA 1969  |p 3165418  |r 2025-01-22  |w 2019-11-19  |y BK  |k MLH 
952 |0 0  |1 0  |4 0  |6 860_900000000000000_AMA_1969  |7 0  |8 A  |9 257611  |a FDOPOS  |b FDOPOS  |d 2019-11-19  |h v.6  |i 3165426  |o 860.9 AMA 1969  |p 3165426  |r 2025-01-22  |w 2019-11-19  |y BK  |k MLH 
952 |0 0  |1 0  |4 0  |6 860_900000000000000_AMA_1969  |7 0  |8 A  |9 257612  |a FDOPOS  |b FDOPOS  |d 2019-11-19  |h v.7  |i 3165434  |o 860.9 AMA 1969  |p 3165434  |r 2025-01-22  |w 2019-11-19  |y BK  |k MLH